00380nam a2200133Ia 4500008004100000020001500041041001200056082001100068100001500079245008500094260004400179300000800223650001500231221030s9999 xx 000 0 und d a8131403505 aEnglish a105.23 aH. Amalraj 0aAdvances in Reserach In Business & Finance, 2005 Vol. - V. international Finance bICFAI University PressaHyderabadc2006 a157 aManagement